00269nam a22001097a 4500040000900000082001500009100001800024245006300042260003700105300001000142521000700152 cNUST a629.1bNEW aNewman, Dava  aInteractive Aerospace Engineering and Design/cDava Newman aNew York :bMcGraw-Hill ;c2002. a356p. aHB